Globalización del derecho penal y la criminología (Registro nro. 75315)
[ vista simple ]
| 000 -ENCABEZADO | |
|---|---|
| Número de control [NR] | 01305nam a2200277Ia 4500 |
| 008 - DE LONGITUD FIJA DE DATOS DE ELEMENTOS - INFORMACIÓN GENERAL | |
| Elementos de longitud fija [NR] | 130821s2010 ck gr spa |
| 020 ## - NUMERO INTERNACIONAL NORMALIZADO PARA LIBROS [R] | |
| Número Internacional Normalizado del libro [NR] | 978 958 8630 37 3 |
| 040 ## - FUENTE DE CATALOGACION [NR] | |
| Agencia de catalogación original [NR] | Co-BoUCM |
| Idioma de catalogación [NR] | spa |
| 041 00 - CODIGO DE IDIOMA [R] | |
| Código de idioma para texto/pista de sonido o título separado [R] | Español |
| 111 2# - ASIENTO PRINCIPAL--NOMBRE DE REUNION [NR] | |
| Nombre de reunión o de jurisdicción como elemento de entrada [NR] | Congreso Internacional de Criminología y Derecho Penal |
| Número de la parte/sección de una obra [R] | (3o |
| Fecha de la reunión [NR] | 2010 abr. 18-20 |
| Lugar de la reunión [NR] | Calí) |
| 9 (RLIN) | 169139 |
| 245 10 - MENCION DE TITULO [NR] | |
| Título [NR] | Globalización del derecho penal y la criminología |
| Mención de responsabilidad, etc. [NR] | Congreso Internacional de Criminología y Derecho Penal ; compiladores |
| 260 ## - PUBLICACION, DISTRIBUCION, ETC. (PIE DE IMPRENTA) [R] | |
| Lugar de publicación, distribución, etc. [R] | Cali (Valle, Colombia) |
| Nombre del editor, distribuidor, etc. [R] | Universidad Lbre |
| Fecha de publicación, distribución, etc. [R] | 2010 |
| 300 ## - DESCRIPCION FISICA [R] | |
| Extensión [R] | 280 páginas |
| 490 #0 - MENCION DE SERIE [R] | |
| Mención de serie [R] | Colección Derecho y Sociedad |
| 504 ## - NOTA DE BIBLIOGRAFIA, ETC. [R] | |
| Nota de bibliografía, etc. [NR] | |
| 650 ## - ASIENTO SECUNDARIO DE MATERIA - TERMINO TEMATICO [R] | |
| Término temático o nombre geográfico como elemento de entrada [NR] | Criminología |
| Subdivisión de forma [R] | Congresos, conferencias, etc. |
| 9 (RLIN) | 12152 |
| 650 ## - ASIENTO SECUNDARIO DE MATERIA - TERMINO TEMATICO [R] | |
| Término temático o nombre geográfico como elemento de entrada [NR] | Derecho penal |
| 9 (RLIN) | 12805 |
| 650 ## - ASIENTO SECUNDARIO DE MATERIA - TERMINO TEMATICO [R] | |
| Término temático o nombre geográfico como elemento de entrada [NR] | Derecho penal |
| Subdivisión de forma [R] | Congresos, conferencias, etc. |
| 9 (RLIN) | 12805 |
| 700 1# - ASIENTO SECUNDARIO - NOMBRE PERSONAL [R] | |
| Nombre personal [NR] | Ampudia Asprilla, Lenis Gustavo |
| Títulos u otras palabras asociadas con el nombre [R] | omp. |
| 9 (RLIN) | 169140 |
| 700 1# - ASIENTO SECUNDARIO - NOMBRE PERSONAL [R] | |
| Nombre personal [NR] | Balanta Carabalí, María Fernando |
| Término de relación [R] | |
| 9 (RLIN) | 169141 |
| 700 1# - ASIENTO SECUNDARIO - NOMBRE PERSONAL [R] | |
| Nombre personal [NR] | Peréz Escobar, Evelin Olivia |
| Término de relación [R] | |
| 9 (RLIN) | 169142 |
| 710 1# - ASIENTO SECUNDARIO - NOMBRE CORPORATIVO [R] | |
| Nombre corporativo o de jurisdicción como elemento de entrada [NR] | Instituto Colombiano de Criminología y Derecho Penal. |
| Unidad subordinada [R] | Fundación de Estudios Interdisciplinarios |
| 9 (RLIN) | 169143 |
| 710 1# - ASIENTO SECUNDARIO - NOMBRE CORPORATIVO [R] | |
| Nombre corporativo o de jurisdicción como elemento de entrada [NR] | Universidad Libre. |
| Unidad subordinada [R] | Facultad de Derecho. |
| -- | Grupo de Investigación en Derecho Penal |
| 9 (RLIN) | 169144 |
| 942 ## - ELEMENTOS DE ENTRADA AGREGADOS (KOHA) | |
| Tipo de ítem principal el descrito en 300a | Libro |
| Tema principal | Derecho |
| Edición | 1 |
| Parte restante de la signatura top. | M533g |
| Sistema de clasificación | DEWEY |
| Clasificación | 345 |
| Fecha de último préstamo | Total préstamos | Signatura topográfica | Código de barras | Última vez visto | Ejemplar | Price effective from | Tipo de ítem | Perdido | Sistema de clasificación | Dañado | No prestable | Tipo de ítem específico | Suprimido | Ubicación habitual | Ubicación actual | Localización | Fecha de creación | Forma de adquisición | Costo |
|---|---|---|---|---|---|---|---|---|---|---|---|---|---|---|---|---|---|---|---|
| 18/04/2018 | 3 | 345 M533g | 100122430 | 06/06/2024 | Ej.1 | 03/02/2013 | Libro | DEWEY | Libro | Bodega | Bodega | 3er piso | 30/09/2012 | Donación | 26000.00 |